00371nam a2200157Ia 4500008004100000020001600041050000900057050001600066100001700082245002600099260001500125260002100140260000900161300001500170440002800185170203s9999 xx 000 0 und d a0-439295890 aFic  b.M125t 2001 aDower, Laura 4aThe PowerPuff Girls / aNew York : bScholastic Inc., c2001 a32 pages ; a PowerPuff Girls Series